Statistics for Dragon Ball Forms

Click here to take the quiz!

General Stats

  • This quiz has been taken 140 times
  • The average score is 11 of 29

Answer Stats

Name of Form% Correct
SSJ
100%
SSJ2
100%
SSJ3
99%
SSJ4
90%
SSJB
88%
SSJG
88%
Kaioken
81%
UI
81%
MUI
61%
SSJR
41%
Blue Evolution
39%
SSJB Kaioken
36%
FSSJ
34%
LSSJ
28%
Golden Frieza
23%
GoD
20%
SSJ Kaioken
19%
Mystic
17%
SSJ Rage
14%
JUI
8%
Evil SSJ
7%
Kefla SSJ2
6%
Corrupt SSJ
5%
Dark Rose
5%
SSJ Berserker
5%
True Rose
5%
Godly SSJ2
4%
Spirit SSJ
4%
SSJ2 Majin
4%

Score Distribution

Percentile by Number Answered

Percent of People with Each Score

Your Score History

You have not taken this quiz